000 00527nam a2200181Ia 4500
001 2423
005 20260306144806.0
008 260306t2008||||xx |||||||||||||| ||spa||
041 _aESP
082 _a616.89
_bO65 2008 V. 3
100 _aOrganización Panamericana de la Salud
_eAUT
245 0 _aClasificación estadística internacional de la enfermedades y problemas relacionados con la salud
260 _c2008
300 _aiii, 758 páginas :
_c24 cm.
650 _aGEN
654 _aCPS
942 _cLIB
_dJUS
_fJUS
_2ddc
_n
999 _c2423
_d2423